Obszary MSI Warszawy - nagła śmierć - Statystyki

Ogólne statystyki
  • Ten quiz został rozwiązany 86 razy
  • Średni wynik to 8 z 40
Answers on the Grid
Answers color-coded by a green-red scale on the quiz's grid according to % correct below.
Babice
Bródno
Buraków
Dawidy
Elsnerów
Filtry
Fort Bema
Fort Radiowo
Frascati
Gocław
Groszówka
Imielin
Jary
Jelonki Północne
Kabaty
Kawęczyn-Wygoda
Klaudyn
Kobiałka
Łazienki Królewskie
Lotnisko Chopina
Mańki
Mariensztat
Marymont-Potok
Miasteczko Wilanów
Młociny
Moczydło
Niedźwiadek
Nowa Praga
Nowe Włochy
Nowolipki
Okęcie
Opacz Mała
Pelcowizna
Powązki
Powiśle
Rakowiec
Sadul
Sady Żoliborskie
Sadyba
Saska Kępa
Siekierki
Śliwice
Słodowiec
Służewiec
Śródmieście Południowe
Starówka
Stary Rembertów
Stokłosy
Szamoty
Tarchomin
Ulrychów
Wiktoryn
Wilanów Królewski
Witolin
Wola Grzybowska
Wyczółki
Zacisze
Zawady
Zbytki
Zerzeń
 
Statystyki odpowiedzi
Odpowiedź % Poprawnych
Bródno
81%
Gocław
50%
Filtry
46%
Fort Radiowo
42%
Elsnerów
35%
Fort Bema
31%
Służewiec
27%
Okęcie
23%
Powązki
23%
Powiśle
23%
Słodowiec
23%
Młociny
19%
Nowe Włochy
19%
Nowolipki
19%
Sadyba
19%
Tarchomin
19%
Jelonki Północne
15%
Kabaty
15%
Kawęczyn-Wygoda
15%
Marymont-Potok
15%
Niedźwiadek
15%
Nowa Praga
15%
Pelcowizna
15%
Sady Żoliborskie
15%
Saska Kępa
15%
Siekierki
15%
Śródmieście Południowe
15%
Stary Rembertów
15%
Ulrychów
15%
Wilanów Królewski
15%
Zacisze
15%
Groszówka
12%
Kobiałka
12%
Rakowiec
12%
Szamoty
12%
Wola Grzybowska
12%
Wyczółki
12%
Zerzeń
12%
Sadul
8%
Zawady
8%
Nie znaleziono quizów pasujących do podanych kryteriów
Rozkład punktacji
Procent ludzi z każdym wynikiem
Percentyl według liczby udzielonych odpowiedzi
Twoja historia wyników
Nie rozwiązałeś tego quizu